00414nam a2200121Ia 4500008004100000020002200041100001900063245008600082260005300168300002700221500001900248650002500267200903s9999 xx 000 0 und d a978-981-48-4675-2 aFroeb, Luke M. cLuke M. Froeb, Brian T. McCann, Michael R. Ward, Mike ShoraManagerial economics/ aAustralia:bCengage Learning Asia Pte Ltd.c2019 axvi, 332 pagesc23 cm. aIncludes index aManagerial economics